000 00492nam a22001457a 4500
999 _c134242
_d134242
005 20240531102859.0
008 240531b ||||| |||| 00| 0 eng d
040 _cPK-LaUMT
082 _aAPC 297.4
_bRIA-M
100 _aRiaz Ahmad Gohar Shahi =ریاض احمد گوہر شاہی
245 _aMenarah noor = مینارہ نور /
_cby Riaz Ahmad Gohar Shahi =ریاض احمد گوہر شاہی
260 _aNA :
_bSirfroosh Publications Pakistan,
_c2004
300 _a64 p.
942 _cBK